[Event "London Chess Classic: Blitz C"]
[Site "London"]
[Date "2019.12.08"]
[Round "3"]
[White "John, Joshua"]
[Black "Tanmay, Chopra"]
[Result "0-1"]
[WhiteElo "1563"]
[BlackElo "1860"]
[PlyCount "46"]
[EventDate "2019.12.08"]
[EventType "swiss (blitz)"]
[EventRounds "11"]
[EventCountry "ENG"]
[SourceTitle "EXT 2021"]
[Source "ChessBase"]
[SourceDate "2020.10.23"]
[SourceVersion "1"]
[SourceVersionDate "2020.10.23"]
[SourceQuality "1"]

1. d4 Nf6 2. Nf3 d5 3. c4 e6 4. Nc3 dxc4 5. a4 Nc6 6. e3 Na5 7. Ne5 c5 8. Nxc4 cxd4 9. Nxa5 Qxa5 10. Qxd4 Bb4 11. Bb5+ Bd7 12. Bd2 Rd8 13. 0-0-0 Bxb5 14. Nxb5 Rxd4 15. Nxd4 Bxd2+ 16. Rxd2 Qxa4 17. Rc2 Qa1+ 18. Kd2 Qxh1 19. Rc8+ Kd7 20. Rxh8 Qxg2 21. Ke1 Qh1+ 22. Ke2 Qxh2 23. Rb8 Qxb8 0-1

[Event "London Classic U2050 op 10th"]
[Site "London"]
[Date "2018.12.16"]
[Round "5"]
[White "Hafstad, Leif"]
[Black "John, Joshua"]
[Result "1-0"]
[WhiteElo "1911"]
[BlackElo "1602"]
[PlyCount "99"]
[EventDate "2018.12.14"]
[EventType "swiss"]
[EventRounds "5"]
[EventCountry "ENG"]
[SourceTitle "CBM 187 Extra"]
[Source "ChessBase"]
[SourceDate "2018.11.04"]
[SourceVersion "1"]
[SourceVersionDate "2018.11.04"]
[SourceQuality "1"]

1. e4 c5 2. Nf3 e6 3. g3 d5 4. exd5 exd5 5. Bg2 Nf6 6. 0-0 Be6 7. d4 c4 8. Re1 h6 9. Bf4 Bd6 10. Bxd6 Qxd6 11. Nc3 0-0 12. Ne2 Nc6 13. Nf4 Bf5 14. c3 Rfe8 15. Rxe8+ Rxe8 16. Nd2 b5 17. Nh5 Ne4 18. Nxe4 Bxe4 19. f3 Bf5 20. Qd2 a5 21. Re1 Rxe1+ 22. Qxe1 Qe6 23. Kf2 b4 24. Nf4 Qxe1+ 25. Kxe1 Be6 26. Kd2 a4 27. cxb4 Nxd4 28. Ne2 Nxe2 29. Kxe2 Kf8 30. Ke3 Ke7 31. Kd4 Kd6 32. f4 f5 33. Bf3 g6 34. a3 g5 35. Bh5 Bd7 36. Bf7 Bc6 37. Bg8 gxf4 38. gxf4 h5 39. h4 Be8 40. Bxd5 c3 41. bxc3 Bd7 42. c4 Bc8 43. c5+ Kc7 44. Ke5 Bd7 45. Be6 Be8 46. Bxf5 Kc6 47. Be6 Kb5 48. f5 Kc6 49. f6 Bd7 50. f7 1-0

[Event "BCF-chT4S 1718 (4NCL)"]
[Site "England"]
[Date "2018.02.10"]
[Round "5.85"]
[White "John, Joshua"]
[Black "Tomboline, David"]
[Result "0-1"]
[WhiteElo "1529"]
[BlackElo "1951"]
[PlyCount "114"]
[EventDate "2017.11.11"]
[EventType "team-swiss"]
[EventRounds "11"]
[EventCountry "ENG"]
[SourceTitle "EXT 2020"]
[Source "ChessBase"]
[SourceDate "2019.10.17"]
[SourceVersion "1"]
[SourceVersionDate "2019.10.17"]
[SourceQuality "1"]
[WhiteTeam "CSC Dragons III"]
[BlackTeam "Brown Jack II"]
[WhiteTeamCountry "ENG"]
[BlackTeamCountry "ENG"]

1. d4 d5 2. Nf3 Nf6 3. c4 c6 4. Nc3 dxc4 5. a4 Bf5 6. Ne5 Nbd7 7. Nxc4 Nb6 8. Ne5 a5 9. g3 e6 10. Bg2 Bb4 11. 0-0 0-0 12. Bg5 h6 13. Bf4 Bh7 14. Qb3 Qxd4 15. Rfd1 Qc5 16. Rac1 Qe7 17. Na2 Nbd5 18. Bd2 Rac8 19. Bxb4 axb4 20. Rd4 c5 21. Rdc4 Nb6 22. a5 Nxc4 23. Nxc4 Be4 24. Nb6 Rc7 25. Bxe4 Nxe4 26. Qc2 Nd6 27. Nxb4 Nc8 28. Na8 Rd7 29. Qxc5 Rd1+ 30. Kg2 Rxc1 31. Qxc1 Qxb4 32. Qa1 Rd8 33. a6 bxa6 34. Qxa6 Nd6 35. Qc6 Qe4+ 36. Qxe4 Nxe4 37. Nc7 Rb8 38. f3 Nc5 39. b4 Rxb4 40. f4 Rb7 41. Ne8 Rd7 42. Kf3 Kf8 43. Nxg7 Kxg7 44. e4 f5 45. exf5 exf5 46. g4 Kg6 47. h4 fxg4+ 48. Kxg4 h5+ 49. Kf3 Rd3+ 50. Ke2 Kf5 51. Kf2 Kxf4 52. Ke2 Ke4 53. Ke1 Ke3 54. Kf1 Rd2 55. Kg1 Kf3 56. Kh1 Kg3 57. Kg1 Rd1# 0-1

[Event "BCF-chT4S 1718 (4NCL)"]
[Site "England"]
[Date "2018.01.13"]
[Round "3.76"]
[White "John, Joshua"]
[Black "Jaberansari, Daniel"]
[Result "1-0"]
[WhiteElo "1529"]
[BlackElo "1442"]
[PlyCount "97"]
[EventDate "2017.11.11"]
[EventType "team-swiss"]
[EventRounds "11"]
[EventCountry "ENG"]
[SourceTitle "EXT 2020"]
[Source "ChessBase"]
[SourceDate "2019.10.17"]
[SourceVersion "1"]
[SourceVersionDate "2019.10.17"]
[SourceQuality "1"]
[WhiteTeam "CSC Dragons III"]
[BlackTeam "Fischer's Catch"]
[WhiteTeamCountry "ENG"]
[BlackTeamCountry "WLS"]

1. d4 Nf6 2. c4 e5 3. dxe5 Ng4 4. Nf3 Bc5 5. e3 Nc6 6. b3 0-0 7. Bb2 Re8 8. Nbd2 Ngxe5 9. Nxe5 Nxe5 10. Be2 a5 11. 0-0 Ra6 12. Nf3 Nxf3+ 13. Bxf3 Rh6 14. Bg4 Bd6 15. h3 Qg5 16. Qf3 Be5 17. Bxe5 Qxe5 18. Rad1 Rf6 19. Qd5 Qxd5 20. Rxd5 d6 21. Bxc8 Rxc8 22. Rxa5 Re6 23. Rd1 h6 24. Kf1 Kf8 25. Ke2 Ke7 26. Rd4 g6 27. Kd3 Rf6 28. f3 Re6 29. Re4 Rxe4 30. Kxe4 Ke6 31. Kd4 c5+ 32. Ke4 f5+ 33. Kd3 Ke5 34. Rb5 Rc7 35. Rb6 Ke6 36. a3 g5 37. g3 h5 38. b4 cxb4 39. axb4 Ke7 40. Kd4 Rd7 41. Rb5 Kf6 42. e4 fxe4 43. fxe4 Kg6 44. h4 gxh4 45. gxh4 Kh6 46. Kd5 Re7 47. Rb6 Re5+ 48. Kd4 Re6 49. Rxb7 1-0

[Event "London Classic op U2050 9th"]
[Site "London"]
[Date "2017.12.05"]
[Round "2"]
[White "John, Joshua"]
[Black "Phillips, William"]
[Result "1/2-1/2"]
[WhiteElo "1525"]
[BlackElo "1834"]
[PlyCount "45"]
[EventDate "2017.12.04"]
[EventType "swiss"]
[EventRounds "5"]
[EventCountry "ENG"]
[SourceTitle "CBM 182 Extra"]
[Source "ChessBase"]
[SourceDate "2018.02.23"]
[SourceVersion "1"]
[SourceVersionDate "2018.02.23"]
[SourceQuality "1"]

1. d4 Nf6 2. c4 e6 3. Nc3 d5 4. Bg5 Be7 5. Nf3 0-0 6. e3 h6 7. Bf4 c6 8. Bd3 dxc4 9. Bxc4 b5 10. Bb3 Bb7 11. 0-0 a6 12. Rc1 Nbd7 13. Ne5 c5 14. Nxd7 Qxd7 15. dxc5 Qc6 16. f3 Bxc5 17. Qe2 Qb6 18. Kh1 Rfd8 19. Rfd1 Rxd1+ 20. Rxd1 Rd8 21. Rxd8+ Qxd8 22. e4 Qd4 23. Qd1 1/2-1/2